000 00816nam a2200289Ia 4500
005 20260324132358.0
008 008 260324s9999 xx 000 0 eng d
020 _a9780203009086
037 _aEBOOK
040 _aCRL
040 _beng
040 _cCRL
041 _2eng
041 _aeng
084 _qCRL
100 _aAlastair Lamb; Julie Marshall
_91189057
245 0 _aBritain and Tibet 1765-1947
245 2 _bA Select Annotated Bibliography of British Relations with Tibet and the Himalayan States including Nepal, Sikkim and Bhutan<BR>Revised and Updated to 2003
260 _bTaylor and Francis
260 _c2004
365 _a
365 _b300
856 _uhttp://www.taylorfrancis.com/books/9780203009086
942 _cEBOOK
999 _c1787124
_d1787124